| 000 | nam a22 7a 4500 | ||
|---|---|---|---|
| 999 |
_c9791 _d9791 |
||
| 008 | 180723b xxu||||| |||| 00| 0 eng d | ||
| 022 |
_aACCT3605 _bAssociate Degree _cBusiness Studies _d2 |
||
| 245 |
_aAdvanced Financial Accounting Examination Paper May,2010 _cCCCJ |
||
| 260 |
_aKingston, Jamaica _bCCCJ _c2010 |
||
| 856 | _uhttp://wplrc.ecc.edu.jm/cgi-bin/koha/opac-retrieve-file.pl?id=46b95504d66b4cac0d616be7a21c0ff8 | ||
| 942 | _cPP | ||